02272agaaa2200313 45000010005000000030009000050050017000140070009000310080040000400400023000800410013001031000046001161300025001622400025001872450183002122460018003952500022004132600134004353000034005695080152006035110091007555200838008465380016016845460013017006500066017137000061017797000058018407000060018988880IT-RoPAU20220918181236.0d cvaizq50131s9999||||xx ||| | || ||und|| aIT-RoPAUcIT-RoPAU aITALIANO aMccarthy TomgCodice regista SPICS: 59534 aOSPITE INATTESO (L') aVISITOR (THE)gT3794 aOSPITE INATTESO (L')cProdotto da: Swanson Berger -- Sceneggiatura: Mccarthy Thomas (Tom) -- Diretto da: Mccarthy TompOSPITE INATTESO (L') (Rif. Codice opera principale : H8880) aVISITOR (THE) aEdizione Standard a(USA)bGROUNDSWELL PRODUCTIONS - PARTICIPANT PRO / Distribuzione: MAGAZZINO DISPg"2007 (1° ed.: 2009 ; Ed. Lingua Orig.: 2007)" aDVDbsonoro, col.c104 minuti a"Fotografia: Bokelberg Oliver; Montaggio: Mcardle Tom; Musica: Kaczmarek Jan A.P.; Sceneggiatura: Mccarthy Thomas (Tom); Scenografia: Paino John; " a"Jenkins Richard; Abbas Hiam; Sleiman Haaz; Gurira Danai; Seldes Marian; Moore Maggie" a"LA MONOTONA ESISTENZA DEL PROFESSOR WALTER VALE, DOCENTE UNIVERSITARIO DI ECONOMIA, VIENE MESSA A SOQQUADRO DALL'INCONTRO CON ZAINAB E TAREK, UNA GIOVANE COPPIA DI IMMIGRATI CLANDESTINI CHE SI E' INSEDIATA, A SUA INSAPUTA, NEL SUO APPARTAMENTO DI NEW YORK. DOPO L'INIZIALE DIFFIDENZA, WALTER E TAREK, GRAZIE ALLA COMUNE PASSIONE PER LA MUSICA, INIZIANO A PASSARE MOLTO TEMPOINSIEME. QUANDO TAREK VERRA' ARRESTATO PER UNO SFORTUNATO EQUIVOCO, WALTERPRENDERA' A CUORE LA SUA SITUAZIONE PER CERCARE DI EVITARGLI L'ESPULSIONE DAL PAESE. NEL FRATTEMPO IN CITTA' ARRIVA ANCHE LA MADRE DEL RAGAZZO, MOUNA, CHE FARA' RINASCERE IN WALTER SENTIMENTI DA TEMPO SOPITI... CONTENUTI EXTRA: COMMENTO AUDIO DEL REGISTA E DELL'ATTORE RICHARD JENKINS; SUONARE IL DJAMBE'; DIETRO LE QUINTE DEL FILM; SCENE TAGLIATE; TRAILER. AMICIZIA, CLANDESTINITA'." aPAL, STEREO aITALIANO aDRAMMA - ROMANTICeDVD-FILM [DVD]xCodice MATERIA SPICS: 9947 aKaczmarek Jan A.P.e(musica)gCodice Musica SPICS: 59535 aMccarthy Tom e(regista)gCodice regista SPICS: 59534 aMccarthy Tom e(soggetto)gCodice Soggetto SPICS: 59534